000 00601nam a22001937a 4500
003 OSt
005 20251106083642.0
008 251106b |||||||| |||| 00| 0 eng d
020 _a0-14-951436-8.
040 _aDWCL Main lib
_cOC
082 _aGR. 004 P876p 2003
100 _aPountain, Dick
245 _aThe penguin concise dictionary of computing/
_cDick Pountain
260 _aLondon :
_bPenguin Books Ltd.
_c ,c2003.
300 _aviii, 506 pages
_c; 20 centimeters.
650 _a1. Computer science-Dictionaries.
650 _a2. Data processing-Dictionaries.
942 _2ddc
_cGR
_hGR.
_n0
999 _c5632
_d5632